[Event "11th LCC FIDE Open 2019"]
[Site "London"]
[Date "2019.11.30"]
[Round "3.35"]
[White "Deaconu, Mihai-Ionut"]
[Black "Cordes, Hans-Joerg"]
[Result "1-0"]
[WhiteElo "1957"]
[BlackElo "2188"]
[Annotator "RC"]
[PlyCount "75"]
[EventDate "2019.11.29"]
[EventType "swiss"]
[EventCountry "ENG"]
[SourceTitle "playchess.com"]
[Source "ChessBase"]
[SourceQuality "1"]
[TimeControl "40/5400+30:1800+30"]

1. d4 {[%emt 0:00:35]} Nf6 {[%emt 0:00:00]} 2. c4 {[%emt 0:00:12]} e6 {[%emt 0:00:00]} 3. Nc3 {[%emt 0:00:09]} Bb4 {[%emt 0:00:16]} 4. Qc2 {[%emt 0:00:16]} O-O {[%emt 0:00:40]} 5. a3 {[%emt 0:01:14]} Bxc3+ {[%emt 0:00:31]} 6. Qxc3 {[%emt 0:00:04]} b6 {[%emt 0:01:17]} 7. Nf3 {[%emt 0:02:39]} Bb7 {[%emt 0:00:16]} 8. Bg5 {[%emt 0:05:24]} d6 {[%emt 0:01:47]} 9. g3 {[%emt 0:08:36]} Nbd7 {[%emt 0:01:21]} 10. Bg2 {[%emt 0:00:17]} h6 {[%emt 0:09:37]} 11. Bc1 {[%emt 0:04:37]} c5 {[%emt 0:09:51]} 12. O-O {[%emt 0:01:33]} Rc8 {[%emt 0:00:30]} 13. b4 {[%emt 0:11:51]} cxd4 {[%emt 0:03:09]} 14. Qxd4 {[%emt 0:00:17]} Bxf3 {[%emt 0:00:49]} 15. exf3 {[%emt 0:05:59]} Ne5 {[%emt 0:00:25]} 16. c5 {[%emt 0:00:18]} bxc5 {[%emt 0:01:37]} 17. bxc5 {[%emt 0:00:03]} Rxc5 {[%emt 0:00:55]} 18. f4 {[%emt 0:04:36]} Nc4 {[%emt 0:01:49]} 19. Rb1 {[%emt 0:05:18]} Qa5 {[%emt 0:10:54]} 20. Rb4 {[%emt 0:03:14]} Rfc8 {[%emt 0:00:00]} 21. f5 {[%emt 0:04:58]} e5 {[%emt 0:13:33]} 22. Qh4 {[%emt 0:01:27]} Qd8 {[%emt 0:00:58]} 23. g4 {[%emt 0:02:01]} d5 {[%emt 0:03:04]} 24. Rb3 {[%emt 0:04:33]} Na5 {[%emt 0:02:13]} 25. Rb1 {[%emt 0:09:53]} Rc4 {[%emt 0:02:30]} 26. f4 {[%emt 0:00:48]} Qc7 {[%emt 0:07:22]} 27. Bb2 {[%emt 0:08:19]} Qb6+ {[%emt 0:13:07]} 28. Kh1 {[%emt 0:00:11]} Rb8 {[%emt 0:00:30]} 29. fxe5 {[%emt 0:01:59]} Nxg4 {[%emt 0:06:26]} 30. Qg3 {[%emt 0:09:32]} Ne3 {[%emt 0:01:24]} 31. Bd4 {[%emt 0:00:26]} Nxf1 {[%emt 0:00:36]} 32. Rxf1 {[%emt 0:01:25]} Rxd4 {[%emt 0:02:59]} 33. f6 {[%emt 0:00:10]} g6 {[%emt 0:00:43]} 34. e6 {[%emt 0:00:03]} Rf8 {[%emt 0:02:45]} 35. e7 {[%emt 0:00:11]} Re8 {[%emt 0:00:19]} 36. Qxg6+ {[%emt 0:00:07]} fxg6 {[%emt 0:00:35]} 37. f7+ {[%emt 0:00:03]} Kh7 {[%emt 0:00:27]} 38. fxe8=Q {[%emt 0:00:23]} 1-0

[Event "11th LCC FIDE Open 2019"]
[Site "London"]
[Date "2019.11.30"]
[Round "3.36"]
[White "Royal, Shreyas"]
[Black "Brozel, Sacha"]
[Result "1-0"]
[WhiteElo "1941"]
[BlackElo "2188"]
[Annotator "RC"]
[PlyCount "46"]
[EventDate "2019.11.29"]
[EventType "swiss"]
[EventCountry "ENG"]
[SourceTitle "playchess.com"]
[Source "ChessBase"]
[SourceQuality "1"]
[TimeControl "40/5400+30:1800+30"]

1. d4 {[%emt 0:00:00]} Nf6 {[%emt 0:00:00]} 2. c4 {[%emt 0:00:05]} e6 {[%emt 0:00:00]} 3. g3 {[%emt 0:00:19]} Bb4+ {[%emt 0:00:07]} 4. Bd2 {[%emt 0:01:37]} c5 {[%emt 0:00:44]} 5. Bxb4 {[%emt 0:00:51]} cxb4 {[%emt 0:00:05]} 6. Bg2 {[%emt 0:01:17]} O-O {[%emt 0:00:20]} 7. Nf3 {[%emt 0:02:47]} d6 {[%emt 0:00:26]} 8. O-O {[%emt 0:00:34]} a5 {[%emt 0:00:41]} 9. a3 {[%emt 0:01:27]} Na6 {[%emt 0:05:44]} 10. axb4 {[%emt 0:03:11]} Nxb4 {[%emt 0:00:05]} 11. Nc3 {[%emt 0:00:50]} b6 {[%emt 0:02:51]} 12. Rc1 {[%emt 0:10:04]} Bb7 {[%emt 0:00:40]} 13. Nd2 {[%emt 0:06:30]} Bxg2 {[%emt 0:03:14]} 14. Kxg2 {[%emt 0:02:24]} Rc8 {[%emt 0:01:36]} 15. Na4 {[%emt 0:01:55]} Qc7 {[%emt 0:23:33]} 16. Nf3 {[%emt 0:01:59]} Rfd8 {[%emt 0:01:09]} 17. Qb3 {[%emt 0:00:40]} e5 {[%emt 0:03:47]} 18. c5 {[%emt 0:10:45]} e4 {[%emt 0:08:32]} 19. Ng5 {[%emt 0:00:21]} b5 {[%emt 0:02:16]} 20. Nb6 {[%emt 0:03:16]} Rb8 {[%emt 0:00:50]} 21. cxd6 {[%emt 0:03:34]} Qxb6 {[%emt 0:05:20]} 22. Qxf7+ {[%emt 0:00:18]} Kh8 {[%emt 0:01:09]} 23. Rc7 {[%emt 0:00:04]} Ne8 {[%emt 0:06:57]} 1-0

[Event "11th LCC FIDE Open 2019"]
[Site "London"]
[Date "2019.11.30"]
[Round "3.37"]
[White "Johnson, Daniel"]
[Black "Mata, Adilson"]
[Result "1/2-1/2"]
[WhiteElo "2186"]
[BlackElo "1928"]
[Annotator "TA"]
[PlyCount "78"]
[EventDate "2019.11.29"]
[EventType "swiss"]
[EventCountry "ENG"]
[SourceTitle "playchess.com"]
[Source "ChessBase"]
[SourceQuality "1"]

{[%evp 11,78,0,5,-5,2,-2,-5,-13,9,17,6,1,52,0,0,0,-7,-16,-16,-6,20,16,22,0,0,-5,-12,-20,0,4,5,0,0,0,0,-3,0,-127,0,0,4,0,0,0,0,2,17,-18,-18,-18,-24,-25,-33,-197,-190,-210,-208,-214,-185,-224,-218,-214,-208,-353,-353,-322,-325,-375,-362]} 1. d4 Nf6 2. c4 e6 3. Nc3 Bb4 ({Predecessor:} 3... d5 4. cxd5 exd5 5. Bg5 Bb4 6. Nf3 h6 7. Bh4 O-O 8. e3 c5 9. dxc5 g5 10. Bg3 Ne4 {0-1 (50) Cruz Ramirez,N (1702)-Machin Arbelo,P (2019) Las Palmas 2011}) 4. Qc2 O-O 5. Nf3 d5 6. cxd5 exd5 7. Bg5 {E32: Nimzo-Indian: Classical (4 Qc2): 4...0-0} h6 8. Bh4 c5 9. dxc5 $146 {The position is equal.} (9. e3 cxd4 10. Nxd4 Nc6 11. Nxc6 bxc6 12. a3 Bxc3+ 13. Qxc3 d4 14. Qxd4 Qxd4 15. exd4 {½-½ (28) Laznicka,V (2662)-Gelfand,B (2703) Novy Bor 2018}) 9... g5 10. Bg3 Ne4 {aiming for ...Bf5.} 11. e3 Qa5 (11... Nd7 $11) 12. Rc1 ({White should try} 12. Bd3 $14) 12... Qxa2 $11 13. Bd3 Bxc3+ 14. bxc3 Qxc2 15. Bxc2 Nxg3 16. hxg3 Kg7 17. Rd1 Be6 18. e4 dxe4 19. Bxe4 Re8 {[#] White must now prevent ...Bf5.} (19... Nd7 {is more complex.} 20. Bxb7 Rae8 21. O-O Nxc5 22. Bc6 Rb8) 20. O-O Nc6 21. Bxc6 bxc6 22. Rd6 a5 23. Ra1 a4 24. Ra3 {[#]} (24. Rxc6 $11 a3 25. Nd4) 24... Bb3 (24... Reb8 $1 $17 25. Nd4 Ra6) 25. Nd4 Re1+ 26. Kh2 Be6 27. Rxc6 g4 28. Rb6 Bd7 29. c6 Ra5 $1 {[%cal Ra5h5]} 30. Rb5 Rxb5 31. Nxb5 Bxc6 {[%mdl 4096] Endgame KRB-KRN} 32. Nd4 $2 (32. c4 $15) 32... Bd7 $19 33. Ra2 Rc1 34. Ne2 Rd1 35. Nf4 Bb5 36. c4 Bc6 ({Weaker is} 36... Bxc4 37. Rxa4 Bb3 38. Ra7 $11) 37. Nd5 (37. c5 {was worth a try.}) 37... Bxd5 38. cxd5 Rd4 ({Stronger than} 38... Rxd5 39. Rxa4 f5 40. f3 $11) 39. d6 {intending d7!} Kf6 {[%mdl 32768] Accuracy: White = 37%, Black = 74%. . An unexpected result.} 1/2-1/2

[Event "11th LCC FIDE Open 2019"]
[Site "London"]
[Date "2019.11.30"]
[Round "3.38"]
[White "Nelson, Omowale"]
[Black "Abrahams, Daniel"]
[Result "0-1"]
[WhiteElo "1924"]
[BlackElo "2185"]
[Annotator "TA"]
[PlyCount "32"]
[EventDate "2019.11.29"]
[EventType "swiss"]
[EventCountry "ENG"]
[SourceTitle "playchess.com"]
[Source "ChessBase"]
[SourceQuality "1"]

{[%evp 9,84,-3,7,0,4,0,2,0,-4,-7,-8,-14,-14,-14,-12,-36,6,-83,-89,-94,-77,-64,0,-66,-29,-41,-60,-179,-154,-161,-38,-95,10,10,18,9,70,70,113,12,14,14,10,11,15,0,0,-276,-276,-287,-276,-279,-270,-391,-337,-327,-319,-374,-363,-393,-377,-383,-377,-570,-356,-459,-456,-465,-464,-453,-449,-29984,-29985,-29985,-29986,-29985,-29986]} 1. d4 Nf6 2. c4 e6 3. g3 Bb4+ 4. Nd2 O-O 5. Ngf3 c5 6. Bg2 {E11: Bogo-Indian} cxd4 7. Nxd4 Nc6 8. Nxc6 {The position is equal.} bxc6 9. a3 (9. O-O d5 10. Nf3 a5 11. Qc2 Ba6 12. b3 h6 13. Bb2 Be7 {½-½ (63) Harikrishna,P (2734)-Karjakin,S (2748) Yekaterinburg 2019}) 9... Be7 10. O-O d5 11. Qc2 $146 ({Predecessor:} 11. e4 a5 12. b3 Ba6 13. Qc2 {½-½ (33) Willsch,M (2245)-Stefansson,H (2566) Germany 2003}) 11... a5 12. Rd1 Ba6 13. e4 (13. b3 $11) 13... Qb6 14. exd5 cxd5 15. cxd5 exd5 (15... Ng4 $15 16. Nf1 Rac8) 16. Qb3 (16. Nf1 $11) 16... Qe6 {Played: Qb6-a7} 0-1

[Event "11th LCC FIDE Open 2019"]
[Site "London"]
[Date "2019.11.30"]
[Round "3.39"]
[White "Dias, Savin"]
[Black "Ogunshola, Olugbemiga (Ben)"]
[Result "0-1"]
[WhiteElo "1916"]
[BlackElo "2169"]
[Annotator "TA"]
[PlyCount "46"]
[EventDate "2019.11.29"]
[EventType "swiss"]
[EventCountry "ENG"]
[SourceTitle "playchess.com"]
[Source "ChessBase"]
[SourceQuality "1"]

{[%evp 26,46,30,21,36,42,29,18,24,11,15,-7,0,-8,-2,-68,24,-540,-556,-571,-558,-954,-940]} 1. e4 c6 2. d4 d5 3. Nc3 dxe4 4. Nxe4 Bf5 5. Ng3 Bg6 6. Nf3 Nd7 7. h4 h6 8. h5 Bh7 9. Bd3 Bxd3 10. Qxd3 Qc7 11. Bd2 Ngf6 12. O-O-O e6 13. Kb1 O-O-O 14. Ne4 Nc5 {B19: Classical Caro-Kann: 4...Bf5 main line} (14... Nxe4 15. Qxe4 Bd6 16. c4 Nf6 17. Qc2 c5 18. d5 exd5 19. cxd5 Kb8 20. Bc3 Rhe8 21. Bxf6 gxf6 22. Rhe1 Qd7 23. Nh4 Rxe1 24. Rxe1 {1-0 (62) Plat,V (2569)-Fontaine,R (2563) chess.com INT 2018}) 15. Nxc5 Bxc5 16. Qc4 Bd6 {The position is equal.} 17. Qa4 Kb8 18. Be3 Bf4 19. Bxf4 Qxf4 20. Ne5 $146 (20. c3 $11) ({Predecessor:} 20. Qb3 Qc7 {0-1 (48) Cottalorda,H (1710)-Mesli,M (1840) France 1994}) 20... Ne4 (20... Ng4 $1 $15 21. g3 Qf5 22. Nxg4 Qxg4) 21. Rh3 $2 {[%mdl 8192] [#]} (21. Qb4 $11 Ka8 22. Qe1) 21... Qxe5 $1 $19 {[%mdl 576] Pin. Black is clearly winning.} 22. Ra3 (22. dxe5 Rxd1#) 22... a6 23. Rb3 {[#]} Nd2+ $1 {[%mdl 576] Back Rank} 0-1

[Event "11th LCC FIDE Open 2019"]
[Site "London"]
[Date "2019.11.30"]
[Round "3.40"]
[White "Osborne, Marcus E"]
[Black "Finn, Peter"]
[Result "1/2-1/2"]
[WhiteElo "2166"]
[BlackElo "1895"]
[Annotator "TA"]
[PlyCount "172"]
[EventDate "2019.11.29"]
[EventType "swiss"]
[EventCountry "ENG"]
[SourceTitle "playchess.com"]
[Source "ChessBase"]
[SourceQuality "1"]

{[%evp 9,172,35,37,33,59,50,60,54,62,53,51,48,49,50,74,75,81,43,45,37,22,8,22,17,16,21,22,11,7,-43,-12,-35,-32,-42,-25,-51,-31,-31,-31,-31,-31,-28,-25,-37,-22,-28,25,12,407,383,412,420,396,412,408,407,410,219,252,210,411,417,422,420,408,0,352,335,388,323,323,87,87,87,87,87,87,87,87,87,124,87,117,117,117,117,117,117,124,124,124,124,124,124,124,59,102,85,124,124,124,124,124,124,124,124,124,124,124,85,118,48,153,153,153,153,153,153,153,153,153,153,153,153,153,153,153,0,153,0,153,153,153,0,4,0,0,0,0,0,0,0,0,0,0,0,0,0,0,0,0,0,0,0,0,0,0,0,0,0,0,0,0,0,0]} 1. c4 e5 2. Nc3 Nf6 3. Nf3 Nc6 4. e3 d6 5. d4 exd4 6. exd4 {A28: English Opening: Four Knights Variation} Bg4 7. Be2 Be7 8. h3 {White is slightly better.} Bh5 9. d5 Bxf3 10. Bxf3 Ne5 11. Be2 a5 $146 ({Predecessor:} 11... O-O 12. O-O Nfd7 13. Rb1 a5 {1-0 (24) Plat,V (2498)-Wallner,J (2333) Pardubice 2016}) 12. Nb5 c6 13. dxc6 bxc6 14. Nd4 O-O 15. Nf5 (15. O-O {seems wilder.} Re8 16. Qc2 d5 17. cxd5 Qxd5 18. Nf5) 15... Qd7 16. Nxe7+ Qxe7 17. O-O Rfd8 18. Qd4 d5 19. c5 Ng6 {[%cal Be5g6,Bg6f8,Bf8e6][%mdl 32]} 20. Be3 Nf8 21. Rfe1 Ne6 22. Qe5 d4 {...Rd5 is the strong threat.} 23. Bg5 Rd5 (23... Qxc5 $6 24. Bxf6 gxf6 25. Qxf6 $14) 24. Bxf6 $1 Qxf6 25. Qxf6 gxf6 26. Bc4 Rxc5 27. Rac1 Rd8 (27... Re5 $142) 28. Rxe6 $11 d3 $2 {[%mdl 8192]} (28... Rxc4 $1 $11 29. Rxc4 fxe6) 29. Re4 $1 $18 f5 30. Rf4 ({Don't go for} 30. Re7 $2 Rxc4 31. Rd1 (31. Rxc4 $2 {loses.} d2 $19) 31... Rc2 $17) 30... d2 31. Rd1 Re5 {[#] And now ...Re1+ would win.} 32. Bb3 $1 c5 33. Rf3 (33. Kh2 $142) 33... c4 34. Ba4 Rd4 $2 (34... Re1+ {was necessary.} 35. Kh2 Rxd1 36. Bxd1 Re8) 35. Re3 Red5 36. Rc3 Re5 37. Re3 Red5 $1 38. Bc2 a4 39. Re8+ Kg7 {and the idea ...Rb5 leaves Black hopeful.} 40. Ra8 $2 (40. Rb8 $18) 40... Rb5 $16 41. Rxa4 {Hoping for b3.} Rxb2 42. Bxf5 {aiming for g4.} Rd5 43. Rxc4 Rxf5 {[%mdl 4096] Endgame KRR-KRR} 44. Rd4 Ra5 45. a4 Ra2 46. R1xd2 Rxd2 47. Rxd2 Rxa4 {KR-KR} 48. Rd5 h6 49. g4 Ra3 50. Kg2 Kg6 51. Rf5 Rb3 52. Rf3 ({White should try} 52. f3 $16) 52... Rb1 53. Kg3 Rg1+ 54. Kh4 Ra1 55. Rf5 Ra3 {[#]} 56. f3 $1 Rb3 57. Kg3 Rb4 58. Re5 Ra4 59. Re3 Ra1 60. f4 (60. h4 $16) 60... Rb1 ({Black should play} 60... h5 $1 $14) 61. Kh4 Rb5 62. Ra3 Rb6 63. f5+ Kg7 64. Kh5 Rc6 65. h4 Rb6 66. Ra7 Kg8 67. Ra8+ Kg7 68. Ra7 Kg8 69. Ra8+ Kg7 70. Re8 Ra6 71. g5 (71. Re7 $16) 71... hxg5 $11 {The position is equal.} 72. hxg5 {Threatens to win with f6+.} Ra1 73. f6+ Kh7 74. Rf8 Rh1+ 75. Kg4 Rg1+ 76. Kf4 (76. Kf3 {is interesting.} Kg6 77. Kf4 Rf1+ 78. Kg4 Rg1+ 79. Kf4) 76... Rf1+ 77. Ke4 Re1+ 78. Kd5 Kg6 79. Rg8+ Kf5 80. Rg7 Rd1+ 81. Kc6 Rd2 82. Kc7 Rd1 83. Rxf7 Kxg5 84. Rf8 Kg6 85. Kc6 Rd2 86. Kc5 Rd1 {Accuracy: White = 61%, Black = 54%.} 1/2-1/2

[Event "11th LCC FIDE Open 2019"]
[Site "London"]
[Date "2019.11.30"]
[Round "3.41"]
[White "Patel, Rishi"]
[Black "Pasztor, Balazs"]
[Result "1/2-1/2"]
[WhiteElo "1891"]
[BlackElo "2166"]
[Annotator "TA"]
[PlyCount "59"]
[EventDate "2019.11.29"]
[EventType "swiss"]
[EventCountry "ENG"]
[SourceTitle "playchess.com"]
[Source "ChessBase"]
[SourceQuality "1"]

{[%evp 11,59,11,14,7,9,0,5,-8,18,6,6,0,0,0,0,0,0,0,0,0,0,0,10,0,0,0,0,0,0,0,0,0,0,0,0,-4,12,6,15,27,22,8,8,0,0,0,8,0,0,0]} 1. e4 e5 2. Nf3 Nc6 3. Bc4 Bc5 4. O-O Nf6 5. d3 d6 6. Be3 Bb6 7. h3 {C50: Hungarian Defence and Giuoco Pianissimo} (7. Bb3 h6 8. c3 Ne7 9. a4 c6 10. Nbd2 Bc7 11. d4 O-O 12. dxe5 dxe5 13. Nc4 Qxd1 14. Rfxd1 Be6 {½-½ (39) Cherniaev,A (2469)-Bartel,M (2658) Basel 2012}) 7... h6 8. Nbd2 Ne7 $146 {[%cal Bc6e7,Be7g6,Bg6f4][%mdl 32]} (8... O-O {is interesting.} 9. a4 Re8 10. Nh4 Na5 11. Ba2 Nc6) ({Predecessor:} 8... g5 9. Nh2 g4 10. hxg4 Rg8 11. Bxb6 axb6 12. f3 h5 13. Qe1 Nd4 14. Rc1 b5 {1-0 (79) Brunner,T (1882)-Schneider,E (1719) Willingen 2018}) 9. Bb3 c6 10. Bxb6 axb6 11. c3 Ng6 12. d4 b5 13. Re1 O-O 14. Nf1 Qe7 15. Ng3 Nf4 16. Qd2 g6 17. Rad1 Be6 18. dxe5 dxe5 19. Qd6 Qxd6 20. Rxd6 Ne8 21. Rd2 Bxb3 22. axb3 f6 23. Red1 Rf7 24. Ne2 Ne6 25. b4 Re7 26. Nh4 {The position is equal.} Kf7 27. Rd7 Nf8 $1 28. R7d2 Ne6 29. Rd7 Nf8 $1 30. R7d2 {Accuracy: White = 47%, Black = 64%.} 1/2-1/2

[Event "11th LCC FIDE Open 2019"]
[Site "London"]
[Date "2019.11.30"]
[Round "3.42"]
[White "Davis, Holden"]
[Black "Villiers, Thomas"]
[Result "1/2-1/2"]
[WhiteElo "1840"]
[BlackElo "2145"]
[Annotator "TA"]
[PlyCount "79"]
[EventDate "2019.11.29"]
[EventType "swiss"]
[EventCountry "ENG"]
[SourceTitle "playchess.com"]
[Source "ChessBase"]
[SourceQuality "1"]

{[%evp 9,79,44,57,57,44,22,42,0,39,54,50,31,18,13,33,20,31,14,41,35,36,15,43,17,46,16,29,0,0,0,0,0,0,0,0,0,0,-1,0,-4,-1,-5,0,0,0,6,53,59,62,54,54,60,54,64,60,8,202,183,208,0,316,0,5,0,0,0,0,0,0,0,0,0]} 1. e4 c5 2. d4 cxd4 3. c3 d3 4. Bxd3 d6 5. c4 g6 6. h3 {B21: Sicilian: 2 f4 and Morra Gambit} Bg7 7. Nf3 Nf6 8. Nc3 {White is slightly better.} O-O 9. Be3 (9. O-O b6 10. Bg5 Bb7 11. Qd2 Nbd7 12. Rfe1 Rc8 13. Bh6 {½-½ (30) Esserman,M (2468)-Gopal,G (2579) Caleta 2017}) 9... Nbd7 10. Qe2 $146 ({Predecessor:} 10. O-O b6 11. Qe2 Ba6 12. Rfd1 Rc8 13. Rac1 {1-0 (46) Upero,J (2142)-Tuominen,T (2094) Finland 2018}) 10... b6 11. Rc1 Bb7 12. Bb1 Rc8 13. Nd2 Qc7 14. O-O Qb8 15. b3 Qa8 16. f3 Rfe8 17. Rfd1 e6 18. Nf1 d5 19. cxd5 exd5 20. Nxd5 Nxd5 21. Rxc8 Rxc8 22. exd5 Bxd5 23. Qd2 Bc6 24. Ng3 Nc5 25. Bh6 {Bxg7 is the strong threat.} Be5 {[#]} 26. Nf5 $1 {[%mdl 512] Hoping for Ne7+.} Re8 (26... gxf5 27. Qg5+) 27. Bf4 $36 {[%mdl 2048] Black is under pressure.} Qb8 ({Wrong is} 27... gxf5 $2 28. Bxe5 Rxe5 29. Qg5+ Kf8 30. Rd8+ (30. Bxf5 Ne6 $11) 30... Qxd8 31. Qxd8+ Kg7 32. Qg5+ Kf8 33. Bxf5 $18) 28. Nh6+ Kf8 29. Bxe5 Qxe5 30. Ng4 Qe6 31. Qh6+ Kg8 32. Qg5 (32. Qf4 $1 $14 f5 33. Bxf5 $1 {[%mdl 512]} gxf5 34. Nh6+ {[%mdl 64] Double Attack} Kf8 35. Rd6) 32... Nd7 $2 {[#]} (32... Kg7 $1 $11 {and Black has nothing to worry.}) 33. Bf5 $1 $18 {[%cal Rf5e6][%mdl 576] Pin} Qe2 (33... Qxf5 34. Nh6+) 34. Rd2 $2 ({White should play} 34. Rxd7 $18 {Nh6+ would kill now.} Bxd7 35. Bxd7 (35. Nf6+ Kg7 $14) 35... Qd1+ 36. Kh2 Qd6+ 37. f4) 34... Qe1+ $11 35. Kh2 {[#]} f6 $1 {[%cal Rf6g5][%mdl 512] The position is equal.} 36. Rxd7 {White threatens Nh6+ and mate.} ({Reject} 36. Qh6 gxf5 37. Rxd7 Bxd7 $17) (36. Nxf6+ Nxf6) 36... fxg5 37. Nf6+ {[%mdl 64] Double Attack} Kf8 38. Nxh7+ {[%mdl 64] Double Attack} Kg8 {( -> ...Qe5+)} 39. Nf6+ {[%mdl 64] Double Attack} Kf8 40. Nh7+ {[%mdl 64] Double Attack. Accuracy: White = 53%, Black = 41%.} 1/2-1/2

[Event "11th LCC FIDE Open 2019"]
[Site "London"]
[Date "2019.11.30"]
[Round "3.43"]
[White "Stanisz, Patryk"]
[Black "Lohia, Sohum"]
[Result "1/2-1/2"]
[WhiteElo "2139"]
[BlackElo "1889"]
[Annotator "TA"]
[PlyCount "146"]
[EventDate "2019.11.29"]
[EventType "swiss"]
[EventCountry "ENG"]
[SourceTitle "playchess.com"]
[Source "ChessBase"]
[SourceQuality "1"]

{[%evp 9,146,39,48,20,17,19,28,25,23,15,26,-16,44,42,48,50,81,77,122,108,155,0,109,45,81,-58,-18,-63,-10,-20,0,0,19,6,129,111,129,117,129,112,129,120,129,112,113,87,100,96,86,0,139,85,83,72,77,83,78,52,101,125,125,101,139,138,123,83,101,73,56,14,82,77,65,34,66,24,62,54,77,72,83,60,146,49,102,82,102,102,102,102,112,102,102,102,114,102,114,102,114,114,114,102,102,102,102,102,102,102,118,102,102,33,55,-33,0,0,0,0,0,0,0,0,0,0,0,0,0,0,0,0,0,-85,0,-75,0,0,0,0,0]} 1. d4 Nf6 2. c4 b6 3. Nc3 Bb7 4. Nf3 Ne4 (4... e6 5. g3 Bb4 6. Bd2 Bxc3 7. Bxc3 Ne4 8. Rc1 O-O 9. Bg2 d6 10. O-O Nxc3 11. Rxc3 Nd7 12. d5 Nf6 13. Ne1 exd5 14. cxd5 Re8 15. Nc2 Qd7 16. Ne3 Re7 17. Qc2 g6 18. Rc1 Rc8 19. Qd3 {1-0 (27) Carlsen,M (2882)-Mamedyarov,S (2764) Saint Louis 2019}) 5. Nxe4 Bxe4 6. Nd2 {A50: Queen's Fianchetto Defence (1 d4 Nf6 2 c4 b6)} Bb7 7. e4 g6 8. Bd3 {White has an edge.} Bg7 9. Nf3 O-O $146 ({Predecessor:} 9... d6 10. Be3 Nd7 11. Qd2 e5 12. d5 {0-1 (40) Noe,C (2375)-Filipovic,B (2358) Baden 2015}) 10. Bg5 h6 (10... c5 $11) 11. Be3 $14 d6 12. Qd2 Kh7 13. d5 c5 14. h4 $1 Nd7 {[#]} 15. g4 $2 (15. e5 $1 $16 {[%mdl 512]}) 15... e6 {[#]} (15... b5 $11) 16. h5 (16. O-O-O $1 $16) 16... g5 {[#]} 17. O-O (17. O-O-O $1 $16) 17... Kg8 (17... b5 $5) 18. Rab1 Nf6 (18... b5 $15 19. b3 b4) 19. Nh2 $11 Qd7 {[%cal Re6d5]} 20. f3 a5 21. Rf2 e5 (21... Rfe8 $11) 22. Nf1 Bc8 23. Ng3 Qc7 24. Rg2 Qe7 25. Bc2 Bd7 26. Qd1 a4 27. Rh2 Kh7 28. Qd2 Ne8 29. Qd1 (29. Bd3 $16) 29... f6 (29... Nf6 $11) 30. Rd2 (30. Qf1 $142) 30... Nc7 $16 31. Nf5 Bxf5 32. exf5 Qd7 33. Rd3 Ra6 34. b4 axb3 35. Rdxb3 Na8 36. R1b2 Qa7 37. Bb1 Rf7 38. Qc1 Ra4 39. Rc2 Qa6 (39... Rb7 $11) 40. Rcc3 Ra7 41. Qf1 Bf8 42. Bc1 (42. a3 {with more complications.} Nc7 43. Bd3 Rb7 44. Qb1 Qa5 45. Bd2) 42... Be7 43. Ra3 (43. a3 {feels hotter.} Nc7 44. Bd3 Rb7 45. Rb1 Qa5 46. Rcb3) 43... Rxa3 44. Rxa3 Qb7 45. Qd3 Ra6 ({Better is} 45... b5 $14) 46. Rb3 (46. Rxa6 $16 Qxa6 47. Qb3) 46... Qa7 (46... Nc7 $14) 47. a3 Kg7 48. Bc2 Kh7 49. Rb1 Qd7 50. a4 Bd8 51. Bd2 Bc7 52. Qa3 Qc8 53. Qb3 Kg7 54. Qb5 Kf7 55. Ra1 Ke7 56. Qb2 Kf7 57. Bc3 Ke7 58. Bd1 Kf7 59. Qd2 Ke7 60. a5 (60. Qc2 $16) 60... bxa5 $14 61. Bxa5 (61. Ba4 $14) 61... Bxa5 (61... Nb6 $5 {[%cal Rb6c4]} 62. Bb3 Qa8 $15) 62. Rxa5 Rxa5 63. Qxa5 Qb7 64. Ba4 {Bc6! is the strong threat.} Nc7 65. Bc6 Qb8 66. Kf2 Qb2+ 67. Kg3 Qb8 68. Qa4 Kd8 69. Kg2 Qb2+ 70. Kh3 (70. Kg3 $11) 70... Qb8 (70... Qf2 $17 71. Qb3 Ke7) 71. Qa5 (71. Kg2 $11 {keeps the balance.}) 71... Ke7 ({Black should play} 71... Qb3 $17 72. Kg2 e4 73. fxe4 Qxc4) 72. Kg3 $11 Kd8 73. Bb5 Ke7 {Accuracy: White = 28%, Black = 45%.} 1/2-1/2